000
00274nam a2200121 a 4500
008
101025s1976|||| d
100
1
_a
Marec, Anton
245
1
0
_a
Za vrcholom vrchol
260
_b
Smena
_a
Bratislava
_c
1976
020
_c
18
041
_a
slo
044
_a
xo
_c
SK
999
_c
12176
_d
12176